000 00632nam a2200217Ia 4500
008 101110s9999 xx 000 0 und d
041 _aENGLISH
082 _bSR33353
100 _aChhabra G.S.
245 _aAdvanced study in the history of modern India vol-II (1920-1947)
260 _c2005
_bLotus Press, New Delhi
300 _a268
365 _b135
520 _aHistory
546 _aENGLISH
630 _aAdvanced study in the history of modern India vol-II (1920-1947)
650 _aHistory
655 _aHistory
730 _aAdvanced study in the history of modern India vol-II (1920-1947)
942 _cBOOK
999 _c825854
_d825851